One Piece - Personnages combattant lors de l'arc Marineford - Statistiques

Statistiques générales
  • Ce quiz a été pris 1 904 fois
  • Le résultat moyen est 32 sur 71
Statistiques - réponses
Réponse % Correct
Edward Newgate
98%
Kuzan Aokiji
96%
Marco
96%
Marshall D. Teach
96%
Portgas D. Ace
96%
Sakazuki Akainu
96%
Shanks
96%
Borsalino Kizaru
95%
Monkey D. Luffy
95%
Crocodile
92%
Donquichotte Doflamingo
92%
Sengoku
92%
Baggy
90%
Boa Hancock
90%
Dracule Mihawk
90%
Monkey D. Garp
89%
A.O.
87%
Gecko Moria
87%
Bartholomew Kuma
84%
Emporio Ivankov
83%
Galdino
77%
Jinbei
77%
Vista
76%
Joz
75%
Jesus Burgess
64%
Kobby
62%
Smoker
61%
Shiliew
58%
Catarina Devon
55%
Daz Bones
55%
Tashigi
47%
Doc Q
46%
Izo
43%
Van Augur
43%
Laffitte
41%
Momonga
40%
Tsuru
37%
Vasco Shot
37%
Squardo
35%
Avalo Pizarro
34%
Hina
33%
Little Odz Junior
31%
Blamenco
19%
Namur
19%
Dalmatian
16%
John Giant
15%
Sentomaru
15%
Curiel
12%
Onigumo
12%
Whitey Bay
12%
Atmos
11%
Haruta
11%
Blenheim
10%
Fossa
10%
Frères Decalvan
10%
Rakuyo
10%
Speed Jiru
10%
Doma
8%
Kingdew
8%
Lacroix
8%
McGuy
8%
Pacifistas
7%
Epoida
5%
Karma
5%
Ronse
5%
André
4%
Elmy
4%
Palms
3%
Blondie
2%
Islewan
2%
Delacuji
0%
Aucun quiz correspondant
Distribution des résultats
% des personnes avec chaque résultat
Percentile par nombre de réponses
Votre historique - résultats
Vous n’avez pas pris ce quiz